00827cam a2200241 a 45000010009000000050017000090080041000260100017000670200029000840400018001130420008001310500023001390820015001622450125001772600069003023000025003714900042003965040051004386500017004896500034005067000018005407000027005581631548020170105102908.0100706s2010 enk b 001 0 eng  a 2010027573 a9780230576537 (hardback) aDLCcDLCdDLC apcc00aJC311b.A3549 201000a320.5422200aAfter the nation? :bcritical reflections on nationalism and postnationalism /cedited by Keith Breen and Shane O'Neill. aBasingstoke, Hampshire ;aNew York :bPalgrave Macmillan,c2010. axi, 278 p. ;c22 cm.0 aInternational political theory series aIncludes bibliographical references and index. 0aNationalism. 0aSelf-determination, National.1 aBreen, Keith.1 aO'Neill, Shane,d1965-